00397nam a22001337a 4500008004100000040001800041041000800059100002500067245005900092250001000151260005500161300001800216650002900234130821s1902 fr gr fre  aCo-BoUCMbspa00afre aFaure, Lucie Félix00aLes femmes dans l'oeuvre de DantecLucie Félix Faure a2a.ed aParís (Francia)bPerrín et Cie Librairiec1902 a320 páginas04aMujeres en la literatura